Log-Linear Models and Logistic Regression

As the new title indicates, this second edition of Log-Linear Models has been modi?ed to place greater emphasis on logistic regression. In addition to new material, the book has been radically rearranged. The fundamental material is contained in Chapters 1-4. Intermediate topics are presented in Cha...

Full description

Bibliographic Details
Main Author: Christensen, Ronald (Author)
Corporate Author: SpringerLink (Online service)
Format: Electronic eBook
Language:English
Published: New York, NY : Springer New York, 1997.
Edition:Second Edition.
Series:Springer Texts in Statistics,
Subjects:
Online Access:Full Text via HEAL-Link
LEADER 03685nam a22005415i 4500
001 978-0-387-22624-8
003 DE-He213
005 20151204152030.0
007 cr nn 008mamaa
008 100301s1997 xxu| s |||| 0|eng d
020 |a 9780387226248  |9 978-0-387-22624-8 
024 7 |a 10.1007/b97647  |2 doi 
040 |d GrThAP 
050 4 |a QA273.A1-274.9 
050 4 |a QA274-274.9 
072 7 |a PBT  |2 bicssc 
072 7 |a PBWL  |2 bicssc 
072 7 |a MAT029000  |2 bisacsh 
082 0 4 |a 519.2  |2 23 
100 1 |a Christensen, Ronald.  |e author. 
245 1 0 |a Log-Linear Models and Logistic Regression  |h [electronic resource] /  |c by Ronald Christensen. 
250 |a Second Edition. 
264 1 |a New York, NY :  |b Springer New York,  |c 1997. 
300 |a XVI, 484 p.  |b online resource. 
336 |a text  |b txt  |2 rdacontent 
337 |a computer  |b c  |2 rdamedia 
338 |a online resource  |b cr  |2 rdacarrier 
347 |a text file  |b PDF  |2 rda 
490 1 |a Springer Texts in Statistics,  |x 1431-875X 
505 0 |a Two-Dimensional Tables and Simple Logistic Regression -- Three-Dimensional Tables -- Logistic Regression, Logit Models, and Logistic Discrimination -- Independence Relationships and Graphical Models -- Model Selection Methods and Model Evaluation -- Models for Factors with Quantitative Levels -- Fixed and Random Zeros -- Generalized Linear Models -- The Matrix Approach to Log-Linear Models -- The Matrix Approach to Logit Models -- Maximum Likelihood Theory for Log-Linear Models -- Bayesian Binomial Regression. 
520 |a As the new title indicates, this second edition of Log-Linear Models has been modi?ed to place greater emphasis on logistic regression. In addition to new material, the book has been radically rearranged. The fundamental material is contained in Chapters 1-4. Intermediate topics are presented in Chapters 5 through 8. Generalized linear models are presented in Ch- ter 9. The matrix approach to log-linear models and logistic regression is presented in Chapters 10-12, with Chapters 10 and 11 at the applied Ph.D. level and Chapter 12 doing theory at the Ph.D. level. The largest single addition to the book is Chapter 13 on Bayesian bi- mial regression. This chapter includes not only logistic regression but also probit and complementary log-log regression. With the simplicity of the Bayesian approach and the ability to do (almost) exact small sample s- tistical inference, I personally ?nd it hard to justify doing traditional large sample inferences. (Another possibility is to do exact conditional inference, but that is another story.) Naturally,Ihavecleaneduptheminor?awsinthetextthatIhavefound. All examples, theorems, proofs, lemmas, etc. are numbered consecutively within each section with no distinctions between them, thus Example 2.3.1 willcomebeforeProposition2.3.2.Exercisesthatdonotappearinasection at the end have a separate numbering scheme. Within the section in which it appears, an equation is numbered with a single value, e.g., equation (1). 
650 0 |a Mathematics. 
650 0 |a Algebra. 
650 0 |a Applied mathematics. 
650 0 |a Engineering mathematics. 
650 0 |a Probabilities. 
650 1 4 |a Mathematics. 
650 2 4 |a Probability Theory and Stochastic Processes. 
650 2 4 |a Applications of Mathematics. 
650 2 4 |a Algebra. 
710 2 |a SpringerLink (Online service) 
773 0 |t Springer eBooks 
776 0 8 |i Printed edition:  |z 9780387982472 
830 0 |a Springer Texts in Statistics,  |x 1431-875X 
856 4 0 |u http://dx.doi.org/10.1007/b97647  |z Full Text via HEAL-Link 
912 |a ZDB-2-SMA 
912 |a ZDB-2-BAE 
950 |a Mathematics and Statistics (Springer-11649)